000 00338nam a2200133Ia 4500
005 20260326235440.0
008 260326s9999||||xx |||||||||||||| ||und||
100 _aArrigo, Joseph A.
245 0 _aNew Orleans Scenes /
_cJoseph A. Arrigo
260 _bForest Publishing
300 _a91 p.
650 _aARQUITECTURA REGIONAL
942 _cBK
999 _c7369
_d7369